Viladrau i el seu entorn : aplec de monografies sobre Viladrau, el Montseny i Sant Segimon / per Antoni Pladevall i Font aplec de monografies sobre Viladrau, el Montseny i Sant Segimon / per Antoni Pladevall i Font
Descripción Física:
215 p. : il. ; 24 cm
Colección:
Monografies del Montseny ; 1
MARC
| LEADER | 00000nam a2200000Ia 4500 | ||
|---|---|---|---|
| 001 | 7645 | ||
| 008 | 160829s1986 xx 000 0 cat d | ||
| 080 | |a C-1-263 | ||
| 100 | 1 | |a Pladevall i Font, Antoni, |d 1934- |9 52806 | |
| 245 | |a Viladrau i el seu entorn : |b aplec de monografies sobre Viladrau, el Montseny i Sant Segimon / per Antoni Pladevall i Font | ||
| 260 | |a [Viladrau] : |b Amics del Montseny, |c 1986 | ||
| 300 | |a 215 p. : |b il. ; |c 24 cm | ||
| 490 | |a Monografies del Montseny ; 1 | ||
| 590 | |a Amb el suport de la Diputació de Barcelona. | ||
| 650 | |a Viladrau |x Geografia |9 20703 | ||
| 651 | 0 | |a Montseny (Catalunya : Massís) |x Geografia |9 54152 | |
| 710 | 1 | |a Barcelona (Catalunya : Província). |b Diputació |9 52408 | |
| 710 | 2 | |a Associació d'Amics del Montseny |9 54154 | |
| 901 | |a Arxiu | ||
| 942 | |n 1 | ||
| 952 | |0 0 |1 0 |4 0 |6 C1263 |7 1 |9 41637 |a Arxiu |b Arxiu |d 2016-12-01 |l 0 |o C-1-263 |p 7645 |r 2016-12-01 00:00:00 |w 2016-12-01 |y ARXIU | ||
| 999 | |c 43527 |d 43527 | ||